Science Quiz

Random Science or Chemistry Quiz

Mixed-Up Periodic Table Quiz Stats

 Plays Quiz Updated Jul 19, 2017

Support Sporcle.
Go Orange.
Score 0/118 Timer 12:00
2 Plays Today
% Correct
H​
98.7%
C​
98.7%
He​
95.3%
O​
95.3%
N​
88.7%
Ne​
88.7%
B​
85.9%
F​
85.9%
Li​
85.7%
Be​
85.7%
Na​
81.2%
Br​
81.2%
Ar​
78.4%
Fr​
78.4%
K​
78.2%
Zn​
78.2%
Cl​
76.6%
I​
76.6%
Mg​
75.6%
Mn​
75.6%
Kr​
74.4%
Xe​
74.4%
Si​
74.1%
S​
74.1%
Ca​
73.3%
Ag​
73.3%
P​
73%
Rb​
73%
Al​
69.9%
Sn​
69.9%
Fe​
66.6%
Hg​
66.6%
Cr​
65.4%
Cu​
65.4%
Au​
64.5%
Pb​
64.5%
As​
64.1%
Rn​
64.1%
Ni​
64.1%
Ge​
64.1%
% Correct
V​
62%
W​
62%
Co​
61.2%
Zr​
61.2%
Ti​
59.3%
Pt​
59.3%
Cs​
58.2%
Ce​
58.2%
Sc​
57.6%
In​
57.6%
La​
57.3%
Ac​
57.3%
Ts​
56.7%
Og​
56.7%
Ga​
54.6%
Tl​
54.6%
Y​
54.1%
Ba​
54.1%
Yb​
54.1%
Lu​
54.1%
Ra​
53.7%
Lv​
53.7%
U​
53.2%
Np​
53.2%
Se​
51.9%
Sg​
51.9%
At​
50.1%
Fl​
50.1%
Tc​
50.1%
Bi​
50.1%
Sr​
48.8%
Dy​
48.8%
Nh​
48.8%
Mc​
48.8%
Mo​
47.6%
Rf​
47.6%
Pd​
47.3%
Cd​
47.3%
Sb​
45.5%
Db​
45.5%
% Correct
Os​
45.3%
Lr​
45.3%
Nb​
44.3%
Ir​
44.3%
Pa​
44.1%
Pu​
44.1%
Te​
44%
Ta​
44%
Ru​
43.9%
Rh​
43.9%
Hf​
43%
Th​
43%
Sm​
42.6%
Po​
42.6%
Am​
41.5%
Fm​
41.5%
Eu​
40.6%
Rg​
40.6%
Es​
39.5%
Cn​
39.5%
Cm​
39.5%
Cf​
39.5%
No​
39.4%
Hs​
39.4%
Bk​
38.8%
Md​
38.8%
Pm​
38.7%
Re​
38.7%
Pr​
38%
Ho​
38%
Nd​
37.3%
Gd​
37.3%
Bh​
36.7%
Ds​
36.7%
Tb​
36.6%
Er​
36.6%
Tm​
36.2%
Mt​
36.2%

You're not logged in!

Compare scores with friends on all Sporcle quizzes.
OR
Log In
Forgot?

From the Vault

The Simpsons 'Periodic Table'

by needapausebutton

Periodically, science and TV come together quite nicely.
Remove Ads.
Support Sporcle.
Get the best of Sporcle when you Go Orange. This ad-free experience offers more features, more stats, and more fun while also helping to support Sporcle. Thank you for becoming a member.

Show Comments

Extras

Top Quizzes Today


Score Distribution

Your Account Isn't Verified!

In order to create a playlist on Sporcle, you need to verify the email address you used during registration. Go to your Sporcle Settings to finish the process.

Report this User

Report this user for behavior that violates our Community Guidelines.

Details: